| 000 | 00604nam a2200217Ia 4500 | ||
|---|---|---|---|
| 005 | 20241129120151.0 | ||
| 008 | 241129s9999||||xx |||||||||||||| ||und|| | ||
| 020 | _a9788119127450 | ||
| 037 | _aTB | ||
| 040 |
_aSDCL _beng _cSDCL |
||
| 041 |
_ahin _2hin |
||
| 084 |
_aV2y7M91:g(Y15), R3 _qSDCL |
||
| 100 |
_aPuniyani Ram; Ravikanat Ed. _9729319 |
||
| 245 | 0 | _aAmbedkar, Dalit aur stri prashan | |
| 260 |
_aNoida _bSetu Prakashan _c2023 |
||
| 300 | _a344p. | ||
| 365 |
_aINR _b425 |
||
| 650 | _aPolitical Science | ||
| 942 |
_cTB _hV2y7M91:g(Y15), R3 |
||
| 999 |
_c1233632 _d1233632 |
||